<?xml version="1.0" encoding="UTF-8"?>
<record
    xmlns:xsi="http://www.w3.org/2001/XMLSchema-instance"
    xsi:schemaLocation="http://www.loc.gov/MARC21/slim http://www.loc.gov/standards/marcxml/schema/MARC21slim.xsd"
    xmlns="http://www.loc.gov/MARC21/slim">

  <leader>01246nam a2200277 a 4500</leader>
  <controlfield tag="001">BRCA_4839</controlfield>
  <controlfield tag="005">20190320204827.0</controlfield>
  <controlfield tag="008">201010s1813----mx-#######---#000-0#spa-#</controlfield>
  <datafield tag="041" ind1=" " ind2=" ">
    <subfield code="a">spa</subfield>
  </datafield>
  <datafield tag="044" ind1=" " ind2=" ">
    <subfield code="a">mx</subfield>
  </datafield>
  <datafield tag="084" ind1=" " ind2=" ">
    <subfield code="a">DOC1</subfield>
    <subfield code="b">.I88</subfield>
    <subfield code="c">1813</subfield>
  </datafield>
  <datafield tag="100" ind1="1" ind2=" ">
    <subfield code="a">Iturbide, Agust&#xED;n de</subfield>
    <subfield code="d">1783-1824</subfield>
    <subfield code="9">12248</subfield>
  </datafield>
  <datafield tag="245" ind1="1" ind2="0">
    <subfield code="a">Documento firmado por Don Agust&#xED;n de Iturbide.</subfield>
    <subfield code="c">Agust&#xED;n de Iturbide ; P&#xE9;rez G&#xE1;lvez.</subfield>
  </datafield>
  <datafield tag="260" ind1=" " ind2=" ">
    <subfield code="a">Silao, Gto. M&#xE9;xico</subfield>
    <subfield code="c">1813</subfield>
  </datafield>
  <datafield tag="300" ind1=" " ind2=" ">
    <subfield code="a">[1] foja</subfield>
    <subfield code="c">21 x 5 cm.</subfield>
  </datafield>
  <datafield tag="500" ind1=" " ind2=" ">
    <subfield code="a">Documento firmado el 1 de junio de 1813.</subfield>
  </datafield>
  <datafield tag="500" ind1=" " ind2=" ">
    <subfield code="a">Documento firmado por Don Agust&#xED;n de Iturbide en Silao (Guanajuato),  dirigido al Coronel Conde de P&#xE9;rez G&#xE1;lvez, en el que por orden del Virrey se dan disposiciones sobre el manejo de las proas y como deben mandarse las remesas de cargas.</subfield>
  </datafield>
  <datafield tag="500" ind1=" " ind2=" ">
    <subfield code="a">El documento contiene la leyenda DOC. #10.</subfield>
  </datafield>
  <datafield tag="506" ind1="0" ind2=" ">
    <subfield code="a">Fondo Reservado. Para su consulta es necesario credencial de usuario y carta de motivos.</subfield>
  </datafield>
  <datafield tag="546" ind1=" " ind2=" ">
    <subfield code="a">Texto en: espa&#xF1;ol de principios del siglo XIX.</subfield>
  </datafield>
  <datafield tag="600" ind1="1" ind2="4">
    <subfield code="a">Iturbide, Agust&#xED;n de</subfield>
    <subfield code="d">1783-1824</subfield>
    <subfield code="x">Historia</subfield>
    <subfield code="9">12249</subfield>
  </datafield>
  <datafield tag="651" ind1=" " ind2="4">
    <subfield code="a">M&#xE9;xico</subfield>
    <subfield code="x">Historia</subfield>
    <subfield code="y">Guerra de Independencia, 1810-1821</subfield>
    <subfield code="9">12250</subfield>
  </datafield>
  <datafield tag="700" ind1="1" ind2=" ">
    <subfield code="a">G&#xE1;lvez, P&#xE9;rez</subfield>
    <subfield code="c">Conde de</subfield>
    <subfield code="9">12251</subfield>
  </datafield>
  <datafield tag="902" ind1=" " ind2=" ">
    <subfield code="a">FDH</subfield>
  </datafield>
  <datafield tag="942" ind1=" " ind2=" ">
    <subfield code="2">lcc</subfield>
    <subfield code="c">D</subfield>
  </datafield>
  <datafield tag="999" ind1=" " ind2=" ">
    <subfield code="c">4533</subfield>
    <subfield code="d">4533</subfield>
  </datafield>
  <datafield tag="952" ind1=" " ind2=" ">
    <subfield code="0">0</subfield>
    <subfield code="1">0</subfield>
    <subfield code="4">0</subfield>
    <subfield code="7">0</subfield>
    <subfield code="a">BRCA</subfield>
    <subfield code="b">BRCA</subfield>
    <subfield code="d">2010-10-13</subfield>
    <subfield code="l">0</subfield>
    <subfield code="o">DOC1 .I88 1813</subfield>
    <subfield code="p">4872</subfield>
    <subfield code="r">2019-03-22 00:00:00</subfield>
    <subfield code="w">2019-03-22</subfield>
    <subfield code="y">D</subfield>
  </datafield>
</record>
